| 000 | 00817cab a2200253 4500 | ||
|---|---|---|---|
| 001 | ABS47019 | ||
| 008 | 090401t1992 xxu||||| |||| 00| 0 eng d | ||
| 035 | _a(Sirsi) u60424 | ||
| 041 | _aeng | ||
| 100 | _aWadood, M. | ||
| 245 | _aSome solutions to foundation problems | ||
| 260 | _c1992 | ||
| 350 | _a0 | ||
| 490 |
_aArchitect and Surveyor _v67(7) September 1992, 18-20(3) |
||
| 520 | _aSummarises the techniques for underpinning existing foundations, stating the principles involved and the conditions suitable for each method. | ||
| 650 | _aCANTILEVER PILE AND BEAM | ||
| 650 | _aJACK-DOWN PILES | ||
| 650 | _aPAD AND BEAM FOUNDATION | ||
| 650 | _aPILE AND REINFORCED CONCRETE RAFT | ||
| 650 | _aPIN PILING | ||
| 690 | _aBUILT ENVIRONMENT-BUILDING PATHOLOGY | ||
| 942 | _n0 | ||
| 948 | _c04/03/1997 | ||
| 999 |
_c37262 _d37262 |
||